000 00733nam0a22002531 4500
001 RU\NLR\A2V16\22317
005 20251203171251.9
035 _a(NLR Aleph) 009825376
090 _a10260286
_c10260286
100 _a20010122d1551 u y0rusy50 ca
101 0 _alat
102 _aRU
200 1 _aDe unico mediatore Jesu Christo et iustificatione fidei: confessio
210 _aRegiomonte Prussiae [Kaliningrad]
_d1551
215 _d
620 _dKaliningrad
700 1 _aOsiander
_bA.
_csen.
_f1498-1552
_gAndreas
_4070
801 0 _aRU
_bNLR
_c20010122
852 _aNLR
_j16.143.4.17b
942 _cBOOK
980 _aNB
980 _ain16